[Event "Barranquilla op"]
[Site "Barranquilla"]
[Date "2025.02.28"]
[Round "7"]
[White "Lopez Mass, Maria Fernanda"]
[Black "Barcelo de la Hoz, Jaider"]
[Result "0-1"]
[WhiteElo "1642"]
[BlackElo "1600"]
[PlyCount "54"]
[EventDate "2025.02.24"]
[EventType "swiss"]
[EventRounds "8"]
[EventCountry "COL"]
[SourceTitle "CB10_2025"]
[SourceDate "2025.03.05"]
[SourceVersion "1"]
[SourceVersionDate "2025.03.05"]
[SourceQuality "1"]

1. d4 Nf6 2. Bf4 c5 3. e3 cxd4 4. exd4 g6 5. Nf3 Bg7 6. c3 d6 7. Bd3 Qb6 8. Qb3 0-0 9. 0-0 Nc6 10. Re1 Bg4 11. Nbd2 Rfd8 12. Qc2 Rac8 13. Nc4 Qc7 14. Qe2 b5 15. Ncd2 e5 16. dxe5 dxe5 17. Bg3 b4 18. cxb4 Nd4 19. Qd1 Qd6 20. Be2 Nc2 21. Rc1 Nxe1 22. Qxe1 Rxc1 23. Qxc1 Rc8 24. Qe1 Qxb4 25. b3 e4 26. Ne5 Bxe2 27. Qxe2 Rc1+ 0-1

[Event "Barranquilla op"]
[Site "Barranquilla"]
[Date "2025.02.26"]
[Round "4"]
[White "Acuna, Nelson David"]
[Black "Barcelo de la Hoz, Jaider"]
[Result "1-0"]
[WhiteElo "1929"]
[BlackElo "1600"]
[PlyCount "65"]
[EventDate "2025.02.24"]
[EventType "swiss"]
[EventRounds "8"]
[EventCountry "COL"]
[SourceTitle "CB10_2025"]
[SourceDate "2025.03.05"]
[SourceVersion "1"]
[SourceVersionDate "2025.03.05"]
[SourceQuality "1"]

1. e4 c5 2. Nf3 g6 3. d4 cxd4 4. Nxd4 Nc6 5. Be3 Bg7 6. Nc3 Nf6 7. Bc4 0-0 8. Bb3 d6 9. h3 Qa5 10. 0-0 Bd7 11. Qd2 Nxd4 12. Bxd4 Nxe4 13. Qe3 Bxd4 14. Qxe4 Bxc3 15. bxc3 Qg5 16. Qxb7 Bxh3 17. f4 Qc5+ 18. Kh2 Rab8 19. Qxe7 Rbe8 20. Bxf7+ Rxf7 21. Qxe8+ Rf8 22. Qe2 Bd7 23. Rad1 Rf7 24. Qd2 Bg4 25. Rde1 Bd7 26. Qd4 Rf5 27. Re7 Rh5+ 28. Kg1 Bb5 29. Rb1 a6 30. Ra7 Rf5 31. a4 Bxa4 32. Rb8+ Rf8 33. Rg7+ 1-0

[Event "Barranquilla op"]
[Site "Barranquilla"]
[Date "2025.02.26"]
[Round "5"]
[White "Barcelo de la Hoz, Jaider"]
[Black "Bedas Andreas, Kofmel"]
[Result "1-0"]
[WhiteElo "1600"]
[BlackElo "1701"]
[PlyCount "91"]
[EventDate "2025.02.24"]
[EventType "swiss"]
[EventRounds "8"]
[EventCountry "COL"]
[SourceTitle "CB10_2025"]
[SourceDate "2025.03.05"]
[SourceVersion "1"]
[SourceVersionDate "2025.03.05"]
[SourceQuality "1"]

1. b3 e5 2. Bb2 e4 3. e3 d5 4. d3 f5 5. dxe4 dxe4 6. Qh5+ g6 7. Qe2 Bb4+ 8. Nd2 Nf6 9. 0-0-0 Qe7 10. Qc4 Be6 11. Qb5+ Kf7 12. Bc4 Rd8 13. Bxe6+ Kxe6 14. Qc4+ Nd5 15. Ne2 c6 16. g4 Kf7 17. gxf5 b5 18. fxg6+ hxg6 19. Qd4 Nc3 20. Qxc3 Bxc3 21. Nxc3 Nd7 22. Rdg1 Nc5 23. Rg4 g5 24. Rhg1 Rf8 25. h4 Rh8 26. Rxg5 Rhg8 27. Rg7+ Rxg7 28. Rxg7+ Kxg7 29. Nd5+ Kf7 30. Nxe7 Kxe7 31. Ba3 Kd6 32. Nxe4+ Kd5 33. Nxc5 Rh8 34. e4+ Kd6 35. Nd3+ Kd7 36. Ne5+ Ke6 37. Nxc6 a5 38. Nd4+ Ke5 39. Nxb5 Kxe4 40. Be7 Kf3 41. a4 Kxf2 42. Nd4 Ke3 43. Nc6 Re8 44. h5 Rh8 45. h6 Ra8 46. Bf6 1-0

[Event "Barranquilla op"]
[Site "Barranquilla"]
[Date "2025.02.25"]
[Round "3"]
[White "Barcelo de la Hoz, Jaider"]
[Black "Ortiz Junco, Luis Carlos"]
[Result "1-0"]
[WhiteElo "1600"]
[BlackElo "1754"]
[PlyCount "123"]
[EventDate "2025.02.24"]
[EventType "swiss"]
[EventRounds "8"]
[EventCountry "COL"]
[SourceTitle "CB10_2025"]
[SourceDate "2025.03.05"]
[SourceVersion "1"]
[SourceVersionDate "2025.03.05"]
[SourceQuality "1"]

1. b3 g6 2. Bb2 Nf6 3. e3 Bg7 4. d4 d5 5. c4 e6 6. Nf3 c6 7. Be2 Nbd7 8. 0-0 0-0 9. Nbd2 Re8 10. Rc1 a6 11. Qc2 Bh6 12. Ba3 e5 13. dxe5 Nxe5 14. Nxe5 Rxe5 15. Nf3 Bf5 16. Bd3 Bxd3 17. Qxd3 Re8 18. cxd5 Qxd5 19. Qe2 Rad8 20. Rfd1 Qe6 21. Nd4 Qe5 22. Qf3 Bg7 23. Bb2 Ne4 24. h4 Qb8 25. Ba3 Qe5 26. Qe2 c5 27. Nf3 Rxd1+ 28. Qxd1 Qe7 29. Qd5 b6 30. Qd3 a5 31. Rc4 Bf6 32. g3 Qe6 33. Kg2 h5 34. Bc1 Qc6 35. a4 Kg7 36. Qc2 g5 37. Bb2 g4 38. Nd4 Bxd4 39. Bxd4+ Nf6+ 40. Kg1 Qf3 41. Bxf6+ Qxf6 42. Rf4 Qa1+ 43. Kg2 Rd8 44. Qf5 f6 45. Qxh5 Qd1 46. Rxg4+ Kf8 47. Qh6+ Ke7 48. Re4+ Kd7 49. Qg7+ Kc8 50. Qg4+ Qxg4 51. Rxg4 Kc7 52. Rg6 Rf8 53. h5 Kc6 54. h6 b5 55. axb5+ Kxb5 56. Rg4 f5 57. Rh4 Rh8 58. Kf3 Rh7 59. Kf4 c4 60. bxc4+ Kxc4 61. Kxf5+ Kb3 62. Kg6 1-0